Zrušení účasti ve společnosti.

Odpoveď na otázku, ako postupovať v prípade, že jeden z dvoch spoločníkov spoločnosti s ručením obmedzeným chce zo spoločnosti vystúpiť a druhý s tým nesúhlasí.

Salvato in:
Dettagli Bibliografici
Autore principale: Nesnídal, Jiří
Natura: Capitolo di libro
Lingua:ceco
Soggetti:
Tags: Aggiungi Tag
Nessun Tag, puoi essere il primo ad aggiungerne!!

MARC

LEADER 00000naa a2200000 4500
001 r011141
005 20220831084254.6
041 0 |a cze 
044 |a [CS] 
245 1 0 |a Zrušení účasti ve společnosti.  |c Jiří Nesnídal 
520 |a Odpoveď na otázku, ako postupovať v prípade, že jeden z dvoch spoločníkov spoločnosti s ručením obmedzeným chce zo spoločnosti vystúpiť a druhý s tým nesúhlasí. 
610 2 0 |a spoločnosti s r.o. 
610 2 0 |a zákonník obchodný 
610 2 0 |a ČSFR 
100 1 |a Nesnídal, Jiří